000 00626cam a22002293a 4500
001 24757
003 PGUSA
005 20140828083531.0
008 080305s2008||||xxu|||||s|||||000 | eng d
040 _aPGUSA
_beng
042 _adc
050 4 _aBT
100 1 _aDenney, James,
_d1856-1917
245 1 4 _aThe Atonement and the Modern Mind
_h[electronic resource] /
_cJames Denney
260 _bProject Gutenberg,
_c2008
506 _aPublic domain in the USA.
516 _aElectronic text
653 _aAtonement
830 0 _aProject Gutenberg
_v24757
856 4 0 _uhttp://www.gutenberg.org/ebooks/24757
942 _cEB
999 _c254012
_d254012